Nonequilibrium statistical mechanics
Na minha lista:
| Autor principal: | |
|---|---|
| Formato: | Livro |
| Idioma: | inglês |
| Publicado em: |
Weinheim
Wiley-VCH
2006
|
| Edição: | 1a. ed |
| Colecção: | Physics Textbook
|
| Assuntos: | |
| Tags: |
Adicionar Tag
Sem tags, seja o primeiro a adicionar uma tag!
|
MARC
| LEADER | 00000nam a2200000 a 4500 | ||
|---|---|---|---|
| 001 | UCH7850 | ||
| 003 | CL-VaPUC | ||
| 008 | 091126e20060000GW |||||||||||||||||eng|d | ||
| 020 | |a 9783527406487 | ||
| 020 | |a 3527406484 | ||
| 082 | 0 | 4 | |a 530.13 |b MAZ |2 21 |
| 100 | |a Mazenko, Gene F. |e autor |9 544222 | ||
| 245 | 1 | 0 | |a Nonequilibrium statistical mechanics |
| 250 | |a 1a. ed | ||
| 300 | |a 478 p | ||
| 942 | |c BK | ||
| 945 | |d 20091126 00:00:00 |a cmena | ||
| 260 | |a Weinheim |b Wiley-VCH |c 2006 | ||
| 650 | 7 | |a ESTADISTICA MECANICA |2 CL-VaPUC |9 544223 | |
| 650 | 0 | |a Ecuaciones |9 260137 | |
| 650 | 0 | |a Teoría de grupos |9 270028 | |
| 650 | 7 | |a FENOMENO CRITICO |2 CL-VaPUC |9 486647 | |
| 650 | 0 | |a Modelos matemáticos |9 259437 | |
| 650 | 0 | |a Sistemas no lineales |9 362014 | |
| 583 | |a last modification |c 20091126 00:00:00 |k Rodrigo Vera | ||
| 490 | 0 | |a Physics Textbook | |
| 999 | |c 338196 |d 338194 | ||
| 952 | |0 0 |1 0 |4 0 |6 530_130000000000000_MAZ_2006 |7 0 |8 A |9 431062 |a BIBCUR |b BIBCUR |d 2019-11-22 |i 4622103 |o 530.13 MAZ 2006 |p 4622103 |r 2025-04-22 |w 2019-11-22 |y BK |k DCF | ||